000
00341nam a2200133Ia 4500
008
151001s9999||||xx |||||||||||||| ||und||
100
_a
हरी नारायण आपटे
245
_a
कालकूट
250
_a
4
260
_b
रम्यकथा प्रकाशन
260
_c
1972
300
_a
160
365
_b
18
999
_c
955476
_d
955473